Estudio de pre-factibilidad para la construcción de la pequeña Central Hidroeléctrica, en el Municipio de Waspam de la Región Autónoma de la Costa Caribe Norte
Presenta un estudio de pre factibilidad de una central hidroeléctrica en las zonas rurales del municipio de Waspan también proveerá energía para usos productivos de la zona de estudio, por lo que ayudara al desarrollo de la economía de los habitantes.
| Main Authors: | , |
|---|---|
| Other Authors: | |
| Format: | Tesis Section = Libro |
| Language: | Undetermined Spanish |
| Published: |
Managua
UNI
2016
|
| Subjects: |
| LEADER | 01213nam a2200265Ia 4500 | ||
|---|---|---|---|
| 008 | 240830s9999 xx 000 0 und d | ||
| 040 | |a BIBLIOTECA-RUSB/ M.Mon 621.312134 A454 | ||
| 041 | |a spa | ||
| 082 | |a M.Mon 621.312134 A454 | ||
| 100 | 1 | |a Alonso Oconor, Walter Lenin | |
| 100 | 1 | |b Cardoza Alonso, José Antonio | |
| 245 | 1 | 0 | |a Estudio de pre-factibilidad para la construcción de la pequeña Central Hidroeléctrica, en el Municipio de Waspam de la Región Autónoma de la Costa Caribe Norte |
| 260 | |a Managua |b UNI |c 2016 | ||
| 300 | |a 148 p. :il. | ||
| 500 | |a Contiene anexos. | ||
| 502 | |a Tesis (Máster en Gerencia de Proyectos de Desarrollo) - UNI, 2016. | ||
| 520 | 3 | |a Presenta un estudio de pre factibilidad de una central hidroeléctrica en las zonas rurales del municipio de Waspan también proveerá energía para usos productivos de la zona de estudio, por lo que ayudara al desarrollo de la economía de los habitantes. | |
| 650 | 7 | |a ESTUDIOS DE PREFACTIBILIDAD | |
| 650 | 7 | |b GENERACION HIDROELECTRICA | |
| 650 | 7 | |c CENTRAL HIDROELECTRICA | |
| 650 | 7 | |d ENERGIA ELECTRICA | |
| 700 | 1 | |a Tutor: |b Eslaquit Aragón, Juan Miguel | |
| 942 | |c BK |2 ddc | ||
| 991 | |a TESIS | ||
| 999 | |c 19298 | ||